| 000 | 00419nam a22001697a 4500 | ||
|---|---|---|---|
| 005 | 20180809121129.0 | ||
| 008 | 160622b xxu||||| |||| 00| 0 eng d | ||
| 020 | _a0-7494-4851-2 | ||
| 041 | _aeng | ||
| 082 |
_b9222 _a658.3 |
||
| 100 |
_aArmstrong, Michael _9390 |
||
| 245 | _aA Handbook of Human Resource Management Practice | ||
| 260 | _bKogan Pages | ||
| 300 | _a906p, | ||
| 650 |
_aManagement _9241 |
||
| 942 | _cBK | ||
| 999 |
_c3570 _d3569 |
||